03787cam a22003617a 450000100090000000300040000900500170001300800410003001000170007102000250008802000220011303500240013504000440015904200140020305000230021708200230024024500840026326000610034730000250040850400510043352024800048465000390296465000530300365000460305665000390310265000530314165000460319470000170324090600450325794200120330299900150331495200960332917176896OSt20250131133802.0120222s2011 sa b 001 0 eng d a 2012359918 a9781869142070 (pbk.) a1869142071 (pbk.) a(OCoLC)ocn749853242 aBTCTAbengcBTCTAdYDXCPdOI@dCLUdDLC alccopycat00aRA643.8b.R45 201104a201.762196979222300aReligion and HIV and AIDS :bcharting the terrain /cedited by Beverley Haddad. aScottsville :bUniversity of Kwazulu-Natal Press,c2011. axv, 430 p. ;c24 cm. aIncludes bibliographical references and index. aIntroduction. Cartography of HIV and AIDS, religion and theology: an overview / Beverley Haddad. Pt. 1. Engaging the public realm. 1. Religion and medicine in the context of HIV and AIDS: a landscaping review / Jill Olivier and Gillian Paterson. Practitioner response / Greg Manning -- 2. HIV, AIDS and religion in sub-Saharan Africa: an historical survey / Philippe Denis. Practitioner response / Alison Munro -- 3. Religion and policy on HIV and AIDS: a rapidly shifting landscape / Jill Olivier. Practitioner response / Bongi Zengele -- 4. Statements by religious organisations on HIV and AIDS: intersecting the public realm / Martha Frederiks. Practitioner response / Paula Clifford. Pt. 2. Engaging the religious and theological realm. 5. Sacred texts, particularly the Bible and Qur'an and HIV and AIDS: charting the textual territory / Gerald West. Practitioner response / Monica Jyotsna Melanchthon -- 6. Systematic theological reflection on HIV and AIDS: mapping the terrain / Steve de Gruchy. Practitioner response / Jan Bjarne Sødal -- 7. Comparative ethics and HIV and AIDS: interrogating the gaps / Domoka Lucinda Manda. Practitioner response / Farik Esack -- 8. Missiology and HIV and AIDS: defining the contours / Ute Hedrich. Practitioner response / Benson Okyere-Manu. Pt. 3. Engaging the socio-cultural realm. 9. African traditional religions and HIV and AIDS: exploring the boundaries / Ezra Chitando. Practitioner response / Phumzile Zondi-Mabizela -- 10. African cultures and gender in the context of HIV and AIDS: probing these practices / Nyokabi Kamau. Practitioner response / Ezra Chitando -- 11. Transforming masculinities towards gender justice in an era of HIV and AIDS: plotting the pathways / Adriaan van Klinken. Practitioner response / Lilian Silwa -- 12. Children seldom seen and heard: identifying the religious HIV and AIDS discourse / Genevieve James. Practitioner response / Bongi Zengele. Pt. 4. Engaging the communal realm. 13. Religion and HIV prevention: surveying the contestations / Greg Manning. Practitioner response / Johannes Petrus Mokgethi-Heath -- 14. HIV, AIDS and stigma: discerning the silences / Gillian Paterson. Practitioner response / Gideon Byamugisha -- 15. Religious community care and support in the context of HIV and AIDS: outlining the contours / Jill Olivier and Paula Clifford. Practitioner response / Edwina Ward -- 16. Stories of hope: navigating HIV pathways of life / Phumzile Zondi-Mabizela ... [et al.] 0aAIDS (Disease)xReligious aspects. 0aAIDS (Disease)xReligious aspectsxChristianity. 0aAIDS (Disease)xReligious aspectsxIslam. 0aHIV infectionsxReligious aspects. 0aHIV infectionsxReligious aspectsxChristianity. 0aHIV infectionsxReligious aspectsxIslam.1 aHaddad, Bev. a7bcbcccopycatd2encipf20gy-gencatlg 2ddccBK c4079d4079 00102ddc4070a001b001d2025-01-31l0o201.762HADp2025/0036r2025-01-31w2025-01-31yBK